【会社別】駅ナンバリング、駅番号の最大値駅 - Statistics

General Stats
  • This quiz has been taken 128 times
    79 since last reset
  • The average score is 47 of 108
Answer Stats
会社 駅名 駅番号 % Correct
京急 三崎口 KK72
71%
つくばエクスプレス つくば TX20
71%
東京臨海高速鉄道 大崎 R 08
70%
芝山鉄道 芝山千代田 SR01
70%
小田急 小田原 OH47
70%
JR北海道 稚内 W80
68%
ゆりかもめ 豊洲 U16
68%
流鉄 流山 RN6
68%
伊豆急行 伊豆急下田 IZ16
68%
東葉高速鉄道 東葉勝田台 TR09
67%
東急 中央林間 DT27
65%
江ノ電 鎌倉 EN15
65%
JR東海 米原 CA83
65%
東京モノレール 羽田空港第2ターミナル MO11
65%
東京都交通局 光が丘 E-38
63%
横浜高速鉄道 元町・中華街 MM06
63%
埼玉高速鉄道 浦和美園 SR26
63%
東京メトロ 池袋 M-25
62%
京王 高尾山口 KO53
62%
相鉄 新横浜 SO52
62%
横浜シーサイドライン 金沢八景 14
62%
北総鉄道 印旛日本医大 HS14
60%
富士山麓電気鉄道 河口湖 FJ18
60%
秩父鉄道 三峰口 CR37
57%
横浜市交 あざみ野 B32
57%
湘南モノレール 湘南江の島 SMR8
57%
静岡鉄道 新清水 S15
57%
名鉄 名鉄岐阜 NH60
57%
東武 新藤原 TN58
56%
伊豆箱根鉄道 修善寺 IS13
56%
アルピコ交通 新島々 AK14
52%
近鉄 賢島 M93
52%
京成 松戸 KS88
51%
名古屋臨海高速鉄道 金城ふ頭 AN11
51%
愛知環状鉄道 高蔵寺 23
49%
札幌市交 新さっぽろ T19
48%
埼玉新都市交通 内宿 NS13
48%
多摩都市モノレール 上北台 TT19
48%
長野電鉄 湯田中 N24
48%
上田電鉄 別所温泉 BE15
48%
遠州鉄道 西鹿島 ET18
48%
神戸新交通 神戸空港 P09
48%
沖縄都市モノレール てだこ浦西 19
48%
銚子電鉄 外川 CD10
46%
岳南電車 岳南江尾 GD10
46%
樽見鉄道 樽見 TR19
46%
伊勢鉄道 12
46%
弘南鉄道 大鰐 KW14
44%
JR東日本 武蔵五日市 JC86
44%
わたらせ渓谷鐵道 間藤 WK17
44%
西鉄 大牟田 T50
44%
豊橋鉄道 三河田原 16
43%
阪急 嵐山 HK-98
43%
京福電気鉄道 嵐山 A13
43%
JR四国 松山 Y55
43%
千葉都市モノレール 千城台 CM15
41%
明知鉄道 恵那 11
41%
OsakaMetro 八尾南 T36
41%
山陽電鉄 山陽網干 SY 56
41%
仙台市交 富沢 N17
40%
西武 西武球場前 SI41
40%
長良川鉄道 北濃 37
40%
神戸市交 西神中央 S17
40%
肥薩おれんじ鉄道 川内 OR28
40%
愛知高速交通 八草 L09
38%
広島電鉄 広電宮島口 M39
38%
土佐くろしお鉄道 宿毛 TK47
38%
高松琴平電気鉄道 琴電琴平 K21
38%
三岐鉄道 西藤原 S15
37%
JR西日本 姫路 JR-A85
37%
WILLER TRAINS 豊岡 T26
37%
大阪モノレール 彩都西 54
37%
神戸電鉄 粟生 KB59
37%
南海 和泉中央 NK92
35%
能勢電鉄 日生中央 NS21
35%
京都市交 太秦天神川 T17
35%
一畑電車 出雲大社前 26
35%
福岡市交 博多 N18
35%
宇都宮ライトレール 芳賀・高根沢工業団地 19
33%
福井鉄道 田原町 F24
33%
近江鉄道 貴生川 OR37
33%
平成筑豊鉄道 田川後藤寺 HC55
33%
小田急箱根 早雲山 OH62
32%
えちぜん鉄道 三国港 E44
32%
和歌山電鐵 貴志 14
32%
伊予鉄道 郡中港 IY35
32%
筑豊電気鉄道 筑豊直方 CK21
32%
道南いさりび鉄道 七重浜 sh11
30%
名古屋ガイドウェイバス 小幡緑地 Y09
30%
北陸鉄道 鶴来 I17
30%
叡山電鉄 鞍馬 E17
30%
JR九州 下関 JA53
30%
北九州モノレール 企救丘 13
30%
くま川鉄道 湯前 14
30%
函館市電 谷地頭 Y26
27%
水島臨海鉄道 三菱自工前 MR9
25%
札幌市電 狸小路 SC24
24%
鹿児島市電 谷山 I25
24%
名古屋市交 西高蔵 M28
22%
熊本電鉄 御代志 KD19
22%
熊本市電 健軍町 26
21%
京阪 ケーブル八幡宮山上 KH81
17%
阪神 東鳴尾 HS 53
16%
長崎電気軌道 石橋 51
14%
富山地方鉄道 大川寺 T70
11%
神戸新交通 北埠頭 PL09
11%
岡山電気軌道 東山・おかでんミュージアム駅 H10
8%
阪堺電気軌道 東粉浜 HN61
5%
No matching quizzes found
Score Distribution
Percent of People with Each Score
Percentile by Number Answered
Your Score History
You have not taken this quiz since the last reset